Blackpink In Every MV - Statistics

General Stats
  • This quiz has been taken 588 times
  • The average score is 10 of 12
Answer Stats
Picture Answer % Correct
Kill This Love
95%
Boombayah
91%
How You Like That
91%
Ice Cream
90%
As If It's Your Last
89%
Pınk Venom
89%
Shut Down
88%
Playing With Fire
83%
Stay
79%
Ddu-Du Ddu-Du
76%
Lovesick Girls
73%
Whistle
71%
No matching quizzes found
Score Distribution
Percent of People with Each Score
Percentile by Number Answered
Your Score History
You have not taken this quiz